000 00898nam a2200205Ii 4500
003 JO-AjNU
008 230605s9999||||xx |||||||||||||| ||und||
040 _aJO-AjNU
_bara
_erda
_cJO-AjNU
041 _aara
050 1 4 _aKMM89.75.U22.1999
100 3 _a العبيدي ، علي ,
_eauthor
_911008
245 0 0 _aالعقود المسماة في البيع والايجار
250 _aط2
264 3 1 _aعمان : المركز القومي للنشر ، 1999
300 _a316ص
336 _atext
_btxt
_2rdacontent
337 _aunmediated
_bn
_2rdamedia
338 _avolume
_bnc
_2rdacarrier
650 4 _aالقانون المدني -- الاردن -- العقود المسماة -- الاردن -- عقود البيع -- عقود الايجار -- الايجارات -- قوانين وتشريعات -- الاردن -- البيع -- قوانين وتشريعات -- الاردن
_911009
999 _aA2101
_c5669
_d5669